| 000 | 00920nam a22002775a 4500 | ||
|---|---|---|---|
| 005 | 20201128021348.0 | ||
| 008 | 150628t2015 enka frbd 001 0 eng d | ||
| 020 | _a9781292060088 | ||
| 020 | _a1292060085 | ||
| 040 |
_aEG-ScBUE _beng _dEG-ScBUE |
||
| 082 | 0 | 4 |
_222 _bBAR _a658.4012 |
| 100 | 1 |
_aBarney, Jay B. _934829 |
|
| 245 | 1 | 0 |
_aStrategic management and competitive advantage : _bconcepts and cases / _cJay B. Barney, William s. hesterly. |
| 250 | _a5th ed., Global ed. | ||
| 260 |
_aHarlow : _bPearson Education Limited, _cc.2015. |
||
| 300 |
_a395 p. : _bill. ; _c26 cm. |
||
| 500 | _aIndex : p. 377-395. | ||
| 500 | _aGlossary : p. 369-376. | ||
| 504 | _aIncludes bibliographical references. | ||
| 650 | 7 |
_2BUEsh _91643 _aStrategic planning. |
|
| 650 | 7 |
_93321 _aBusiness planning. _2BUEsh |
|
| 651 | _2BUEsh | ||
| 653 |
_bBUSADM _cJune2015 _cNovember2015 |
||
| 700 | 1 | _aHesterly, William S. | |
| 942 | _2ddc | ||
| 999 |
_c19959 _d19931 |
||